Advances in organometallic chemistry / (Record no. 4692)
[ view plain ]
| 000 -LEADER | |
|---|---|
| fixed length control field | 00786cam a2200241 a 4500 |
| 001 - CONTROL NUMBER | |
| control field | 0000004882 |
| 005 - DATE AND TIME OF LATEST TRANSACTION | |
| control field | 20170406120158.0 |
| 008 - FIXED-LENGTH DATA ELEMENTS--GENERAL INFORMATION | |
| fixed length control field | 850806s1984 ru a b 000 0 eng |
| 010 ## - LIBRARY OF CONGRESS CONTROL NUMBER | |
| LC control number | 85117405 |
| 035 ## - SYSTEM CONTROL NUMBER | |
| -- | (DLC) 85117405 |
| 040 ## - CATALOGING SOURCE | |
| Original cataloging agency | DLC |
| Transcribing agency | DLC |
| Modifying agency | DLC |
| 050 00 - LIBRARY OF CONGRESS CALL NUMBER | |
| Classification number | QD411.5 |
| Item number | .A38 1984 |
| 082 00 - DEWEY DECIMAL CLASSIFICATION NUMBER | |
| Classification number | 547/.05 |
| Edition number | 19 |
| 245 00 - TITLE STATEMENT | |
| Title | Advances in organometallic chemistry / |
| Statement of responsibility, etc. | edited by O.A. Reutov. |
| 260 ## - PUBLICATION, DISTRIBUTION, ETC. | |
| Place of publication, distribution, etc. | Moscow : |
| Name of publisher, distributor, etc. | Mir Publishers, |
| Date of publication, distribution, etc. | 1984. |
| 300 ## - PHYSICAL DESCRIPTION | |
| Extent | 261 p. : |
| Other physical details | ill. ; |
| Dimensions | 23 cm. |
| 440 #0 - SERIES STATEMENT/ADDED ENTRY--TITLE | |
| Title | Advances in science and technology in the USSR. |
| Name of part/section of a work | Chemistry Series |
| 504 ## - BIBLIOGRAPHY, ETC. NOTE | |
| Bibliography, etc. note | Includes bibliographies. |
| 650 #0 - SUBJECT ADDED ENTRY--TOPICAL TERM | |
| Topical term or geographic name entry element | Organometallic chemistry. |
| 700 1# - ADDED ENTRY--PERSONAL NAME | |
| Personal name | Reutov, O. A. |
| Fuller form of name | (Oleg Aleksandrovich), |
| Dates associated with a name | 1920-. |
| 908 ## - PUT COMMAND PARAMETER (RLIN) | |
| Put command parameter | 141125 |
| Withdrawn status | Lost status | Source of classification or shelving scheme | Damaged status | Not for loan | Home library | Current library | Shelving location | Date acquired | Full call number | Barcode | Date last seen | Copy number | Price effective from | Koha item type |
|---|---|---|---|---|---|---|---|---|---|---|---|---|---|---|
| Withdrawn | CUZ Harare Campus | CUZ Harare Campus | Open Shelf | 06.04.2017 | QD 411. A35 | BK0005707 | 05.02.2018 | CU11038 | 06.04.2017 | OS Book | ||||
| Withdrawn | CUZ Harare Campus | CUZ Harare Campus | Open Shelf | 06.04.2017 | QD 411. A35 | BK0005716 | 05.02.2018 | CU10876 | 06.04.2017 | OS Book |